<?xml version="1.0" encoding="UTF-8"?><record xmlns="http://www.loc.gov/MARC21/slim" xmlns:zs="http://docs.oasis-open.org/ns/search-ws/sruResponse">
  <leader>01805cam a22004333a 4500</leader>
  <controlfield tag="001">16366657</controlfield>
  <controlfield tag="005">20250607035933.9</controlfield>
  <controlfield tag="008">900213nuuuu    gw            000 1 ger d</controlfield>
  <datafield ind1=" " ind2=" " tag="906">
    <subfield code="a">7</subfield>
    <subfield code="b">cbc</subfield>
    <subfield code="c">copycat</subfield>
    <subfield code="d">3</subfield>
    <subfield code="e">ncip</subfield>
    <subfield code="f">20</subfield>
    <subfield code="g">y-genmusic</subfield>
  </datafield>
  <datafield ind1=" " ind2=" " tag="955">
    <subfield code="e">vk67 2011-07-12 microfilm added</subfield>
  </datafield>
  <datafield ind1=" " ind2=" " tag="955">
    <subfield code="a">LCAP batch update 2025-06-01-04:00: LCAPM-644</subfield>
  </datafield>
  <datafield ind1=" " ind2=" " tag="010">
    <subfield code="a">  2010666640</subfield>
  </datafield>
  <datafield ind1=" " ind2=" " tag="035">
    <subfield code="a">16366657</subfield>
  </datafield>
  <datafield ind1=" " ind2=" " tag="035">
    <subfield code="a">(DLC)musschatz.20010</subfield>
  </datafield>
  <datafield ind1=" " ind2=" " tag="035">
    <subfield code="a">(CStRLIN)VAUP90-B220</subfield>
  </datafield>
  <datafield ind1=" " ind2=" " tag="040">
    <subfield code="a">ViU</subfield>
    <subfield code="c">ViU</subfield>
    <subfield code="d">DLC</subfield>
  </datafield>
  <datafield ind1="0" ind2=" " tag="041">
    <subfield code="a">ger</subfield>
  </datafield>
  <datafield ind1="0" ind2="0" tag="050">
    <subfield code="a">ML48</subfield>
    <subfield code="b">[S1349]</subfield>
  </datafield>
  <datafield ind1=" " ind2=" " tag="051">
    <subfield code="a">Microfilm Music 1854, reel 29.</subfield>
    <subfield code="c">Microfilm. Washington, D.C. : Library of Congress, [197-]. 1 microfilm reel ; 35 mm.</subfield>
  </datafield>
  <datafield ind1="1" ind2=" " tag="100">
    <subfield code="a">Brüll, Ignaz,</subfield>
    <subfield code="d">1846-1907.</subfield>
    <subfield code="4">cmp</subfield>
  </datafield>
  <datafield ind1="1" ind2="0" tag="240">
    <subfield code="a">Goldene Kreuz.</subfield>
    <subfield code="s">Libretto.</subfield>
    <subfield code="l">German</subfield>
  </datafield>
  <datafield ind1="1" ind2="4" tag="245">
    <subfield code="a">Das goldene Kreuz :</subfield>
    <subfield code="b">Oper in zwei Akten /</subfield>
    <subfield code="c">nach dem Französischen von H. S. von Mosenthal ; Musik von Ignaz Brüll.</subfield>
  </datafield>
  <datafield ind1=" " ind2=" " tag="260">
    <subfield code="a">[Berlin] :</subfield>
    <subfield code="b">Ausschliessliches Eigenthum von Ed. Bote &amp; G. Bock :</subfield>
    <subfield code="b">Hof-Musikhandlung ... ,</subfield>
    <subfield code="c">[n.d.]</subfield>
  </datafield>
  <datafield ind1=" " ind2=" " tag="300">
    <subfield code="a">[2], 55, [3] p. ;</subfield>
    <subfield code="c">20 cm.</subfield>
  </datafield>
  <datafield ind1=" " ind2=" " tag="336">
    <subfield code="a">text</subfield>
    <subfield code="b">txt</subfield>
    <subfield code="2">rdacontent</subfield>
  </datafield>
  <datafield ind1=" " ind2=" " tag="337">
    <subfield code="a">unmediated</subfield>
    <subfield code="b">n</subfield>
    <subfield code="2">rdamedia</subfield>
  </datafield>
  <datafield ind1=" " ind2=" " tag="338">
    <subfield code="a">volume</subfield>
    <subfield code="b">nc</subfield>
    <subfield code="2">rdacarrier</subfield>
  </datafield>
  <datafield ind1=" " ind2=" " tag="500">
    <subfield code="a">U.S. RISM Libretto Project.</subfield>
  </datafield>
  <datafield ind1=" " ind2=" " tag="500">
    <subfield code="a">At head of title: "Als manuscript gedruckt" followed by legal notice; "Druck von C. Korpeil, Berlin, Kommandantenstr. 82"--p. 55; legal notice--p. [1] at end; imprint repeated--p. [1] at end; advertisements--p. [1] at end.</subfield>
  </datafield>
  <datafield ind1=" " ind2="0" tag="650">
    <subfield code="a">Operas</subfield>
    <subfield code="v">Librettos.</subfield>
  </datafield>
  <datafield ind1=" " ind2=" " tag="653">
    <subfield code="a">Gontran de l'Ancre</subfield>
  </datafield>
  <datafield ind1=" " ind2=" " tag="653">
    <subfield code="a">Nicolas Pariset</subfield>
  </datafield>
  <datafield ind1=" " ind2=" " tag="653">
    <subfield code="a">Christine</subfield>
  </datafield>
  <datafield ind1=" " ind2=" " tag="653">
    <subfield code="a">Therese</subfield>
  </datafield>
  <datafield ind1=" " ind2=" " tag="653">
    <subfield code="a">Bombardon</subfield>
  </datafield>
  <datafield ind1="1" ind2=" " tag="720">
    <subfield code="a">Mosenthal, S. H. (Salomon Hermann), 1821-1877.</subfield>
    <subfield code="4">lbt</subfield>
  </datafield>
  <datafield ind1="4" ind2="1" tag="856">
    <subfield code="u">http://hdl.loc.gov/loc.music/musschatz.20010</subfield>
  </datafield>
  <datafield ind1=" " ind2=" " tag="985">
    <subfield code="e">USRISMlibretto</subfield>
  </datafield>
  <datafield ind1=" " ind2=" " tag="985">
    <subfield code="e">musschatz_scanning_2016</subfield>
  </datafield>
</record>
